Portugal National Team All-Time XI - Statistics

General Stats
  • This quiz has been taken 214 times
  • The average score is 7 of 13
Answer Stats
Position Period Player % Correct
FW 2003- Cristiano Ronaldo
99%
DF 2007- Pepe
97%
FW 1961-73 Eusébio
90%
FW 1991-2006 Luís Figo
87%
DF 2003-16 Ricardo Carvalho
74%
MF 2003-10 Deco
72%
MF 1993-2004 Rui Costa
65%
Coach 2014-22 Fernando Santos
50%
GK 1990-2002 Vítor Baía
49%
MF 1955-68 Mário Coluna
16%
DF 1983-96 João Pinto
14%
12th player 1938-49 Fernando Peyroteo
7%
DF 1959-71 Hilário
2%
No matching quizzes found
Score Distribution
Percent of People with Each Score
Percentile by Number Answered
Your Score History
You have not taken this quiz